Space research by rocket and satellite / (Record no. 69369)
[ view plain ]
| 000 -LEADER | |
|---|---|
| fixed length control field | 00898nam a2200301 a 4500 |
| 001 - CONTROL NUMBER | |
| control field | 69369 |
| 003 - CONTROL NUMBER IDENTIFIER | |
| rucl marc code | BD-RjUL |
| 005 - DATE AND TIME OF LATEST TRANSACTION | |
| control field | 20211209081857.0 |
| 008 - FIXED-LENGTH DATA ELEMENTS--GENERAL INFORMATION | |
| fixed length control field | 170411s1960 nyua 001 0 eng d |
| 035 ## - SYSTEM CONTROL NUMBER | |
| System control number | (BD-RjUL)69580 |
| 040 ## - CATALOGING SOURCE | |
| Original cataloging agency | DLC/ICU |
| Transcribing agency | ICU |
| Modifying agency | BD-RjUL |
| Language of cataloging | eng |
| 041 ## - LANGUAGE CODE | |
| Language code of text/sound track or separate title | eng |
| 051 ## - LIBRARY OF CONGRESS COPY, ISSUE, OFFPRINT STATEMENT | |
| Classification number | QC807.5 |
| Item number | .B6 Copy 2 |
| Copy information | Copy 2. |
| 082 00 - DEWEY DECIMAL CLASSIFICATION NUMBER | |
| Edition number | 23 |
| Classification number | 551.6354 |
| Author mark and year | BOS 1960 |
| 100 1# - MAIN ENTRY--PERSONAL NAME | |
| Personal name | Boyd, R. L. F. |
| 9 (RLIN) | 205509 |
| 245 10 - TITLE STATEMENT | |
| Title | Space research by rocket and satellite / |
| Statement of responsibility, etc. | R. L. F. Boyd |
| 260 ## - PUBLICATION, DISTRIBUTION, ETC. (IMPRINT) | |
| Place of publication, distribution, etc. | New York : |
| Name of publisher, distributor, etc. | Harper & Brothers, |
| Date of publication, distribution, etc. | c1960 |
| 300 ## - PHYSICAL DESCRIPTION | |
| Pagination | 128 p. : |
| Illustrations | ill. ; |
| Size | 20 cm. |
| 490 1# - SERIES STATEMENT | |
| Series statement | Science today series. |
| 500 ## - GENERAL NOTE | |
| General note | Includes indexes. |
| 650 #0 - SUBJECT ADDED ENTRY--TOPICAL TERM | |
| Topical term or geographic name as entry element | satellites. |
| 9 (RLIN) | 117364 |
| Topical term or geographic name as entry element | Ionosphere |
| General subdivision | Research. |
| 9 (RLIN) | 205510 |
| Topical term or geographic name as entry element | Rockets (Aeronautics) |
| 9 (RLIN) | 205511 |
| Topical term or geographic name as entry element | Cosmic physics. |
| 9 (RLIN) | 205512 |
| 830 #0 - SERIES ADDED ENTRY--UNIFORM TITLE | |
| Uniform title | Science today series. |
| 942 ## - ADDED ENTRY ELEMENTS (KOHA) | |
| Source of classification or shelving scheme | Dewey Decimal Classification |
| Koha item type | Books |
| Lost status | Source of classification or shelving scheme | Damaged status | Not for loan | Collection code | Permanent Location | Current Location | Shelving location | Date acquired | Source of acquisition | Cost, normal purchase price | Total Checkouts | Full call number | Date last seen | Copy number | Koha item type |
|---|---|---|---|---|---|---|---|---|---|---|---|---|---|---|---|
| Dewey Decimal Classification | Not For Loan | Non-fiction | Central Library, University of Rajshahi | Central Library, University of Rajshahi | Reading Room | 09/02/1963 | Zeitlinger | 16.00 | 551.6354 BOS 1960 | 11/04/2017 | C-1 | Books |